000 00290nam a22001337a 4500
008 170315b xxu||||| |||| 00| 0 eng d
020 _a0721612603
041 _aeng
080 _a611
100 _a7
101 _aSHM
245 _aTEXTBOOK OF MEDICAL PHYSIOLOGY
_cGUYTON
942 _2udc
_cBK
999 _c7911
_d7911